000305231 001__ 305231
000305231 005__ 20230131175356.0
000305231 0247_ $$aG:(GEPRIS)504681298$$d504681298
000305231 035__ $$aG:(GEPRIS)504681298
000305231 040__ $$aGEPRIS$$chttp://gepris.its.kfa-juelich.de
000305231 150__ $$aRückkehrstipendium$$y2022
000305231 371__ $$aDr. Daniel Ernst
000305231 450__ $$aDFG project 504681298$$wd$$y2022
000305231 5101_ $$0I:(DE-588b)2007744-0$$aDeutsche Forschungsgemeinschaft$$bDFG
000305231 680__ $$a
000305231 909CO $$ooai:juser.fz-juelich.de:971974$$pauthority:GRANT$$pauthority
000305231 909CO $$ooai:juser.fz-juelich.de:971974
000305231 980__ $$aG
000305231 980__ $$aAUTHORITY